European Countries Tile Quiz - Statistics

General Stats
  • This quiz has been taken 26 times
  • The average score is 125 of 200
Answer Stats
Question Tile Select % Correct
landlocked countries Croatia No
100%
landlocked countries Denmark No
100%
landlocked countries Estonia No
100%
landlocked countries France No
100%
landlocked countries Iceland No
100%
landlocked countries Ireland No
100%
landlocked countries Italy No
100%
landlocked countries Malta No
100%
landlocked countries Spain No
100%
landlocked countries Sweden No
100%
landlocked countries Belgium No
95%
landlocked countries Poland No
95%
landlocked countries Austria Yes
91%
landlocked countries Hungary Yes
91%
landlocked countries Lithuania No
91%
landlocked countries North Macedonia Yes
91%
landlocked countries Slovakia Yes
91%
landlocked countries Switzerland Yes
91%
countries in the Eurozone Georgia No
86%
countries that don't share a land border with any other countries listed below Austria No
82%
countries in the Eurozone Belgium Yes
82%
countries that don't share a land border with any other countries listed below Belgium No
82%
countries with a larger population than Greece Estonia No
82%
countries in the Eurozone France Yes
82%
countries that don't share a land border with any other countries listed below France No
82%
countries with a larger population than Greece Georgia No
82%
countries that don't share a land border with any other countries listed below Hungary No
82%
countries with a larger population than Greece Iceland No
82%
countries with a larger population than Greece Italy Yes
82%
countries that don't share a land border with any other countries listed below Italy No
82%
countries with a larger population than Greece Lithuania No
82%
countries with a larger population than Greece Malta No
82%
countries with a larger population than Greece North Macedonia No
82%
landlocked countries Romania No
82%
countries with a larger population than Greece Slovakia No
82%
countries that don't share a land border with any other countries listed below Switzerland No
82%
countries in the Eurozone Austria Yes
77%
countries that don't share a land border with any other countries listed below Croatia No
77%
formal WWII axis countries Estonia No
77%
countries with a larger population than Greece France Yes
77%
landlocked countries Georgia No
77%
formal WWII axis countries Iceland No
77%
countries with a larger population than Greece Ireland No
77%
formal WWII axis countries Ireland No
77%
countries that don't share a land border with any other countries listed below Lithuania No
77%
formal WWII axis countries Lithuania No
77%
countries in the Eurozone North Macedonia No
77%
formal WWII axis countries North Macedonia No
77%
countries that don't share a land border with any other countries listed below Poland No
77%
countries that don't share a land border with any other countries listed below Slovakia No
77%
countries in the Eurozone Spain Yes
77%
countries with a larger population than Greece Spain Yes
77%
countries with a larger population than Greece Switzerland No
77%
countries with more non-Catholics than Catholics Austria No
73%
countries with a larger population than Greece Croatia No
73%
countries that currently have a monarchy Croatia No
73%
countries with a larger population than Greece Denmark No
73%
countries that currently have a monarchy Estonia No
73%
formal WWII axis countries Georgia No
73%
countries that currently have a monarchy Georgia No
73%
countries that currently have a monarchy Hungary No
73%
countries in the Eurozone Ireland Yes
73%
countries in the Eurozone Italy Yes
73%
countries with more non-Catholics than Catholics Italy No
73%
countries that currently have a monarchy Lithuania No
73%
countries that don't share a land border with any other countries listed below Malta Yes
73%
formal WWII axis countries Malta No
73%
countries that currently have a monarchy North Macedonia No
73%
countries that currently have a monarchy Poland No
73%
countries that currently have a monarchy Romania No
73%
countries that currently have a monarchy Slovakia No
73%
countries that don't share a land border with any other countries listed below Spain No
73%
formal WWII axis countries Switzerland No
73%
countries where gay marriage is fully legal Croatia No
68%
countries with a flag that does not contain the color white France No
68%
countries that don't share a land border with any other countries listed below Georgia Yes
68%
countries where gay marriage is fully legal Georgia No
68%
countries where gay marriage is fully legal Hungary No
68%
countries that currently have a monarchy Iceland No
68%
countries with more non-Catholics than Catholics Ireland No
68%
countries that currently have a monarchy Ireland No
68%
countries with a flag that does not contain the color white Ireland No
68%
countries that currently have a monarchy Italy No
68%
countries where gay marriage is fully legal Lithuania No
68%
countries that currently have a monarchy Malta No
68%
countries where gay marriage is fully legal North Macedonia No
68%
countries that don't share a land border with any other countries listed below Romania No
68%
countries where gay marriage is fully legal Romania No
68%
countries where gay marriage is fully legal Slovakia No
68%
countries with more non-Catholics than Catholics Spain No
68%
formal WWII axis countries Spain No
68%
formal WWII axis countries Sweden No
68%
countries that currently have a monarchy Switzerland No
68%
countries with a flag that does not contain the color white Switzerland No
68%
countries with a larger population than Greece Austria No
64%
countries that currently have a monarchy Austria No
64%
countries with a flag that does not contain the color white Austria No
64%
countries with more non-Catholics than Catholics Belgium No
64%
countries where gay marriage is fully legal Belgium Yes
64%
countries with a flag that does not contain the color white Croatia No
64%
formal WWII axis countries Denmark No
64%
countries that currently have a monarchy Denmark Yes
64%
countries with a flag that does not contain the color white Denmark No
64%
countries with a flag that does not contain the color white Estonia No
64%
countries that currently have a monarchy France No
64%
countries that are less than one fourth the size of Germany France No
64%
countries with a larger population than Greece Hungary No
64%
countries in the Eurozone Iceland No
64%
countries with a flag that does not contain the color white Iceland No
64%
countries with a flag that does not contain the color white Italy No
64%
countries with a flag that does not contain the color white Malta No
64%
countries with a larger population than Greece Poland Yes
64%
countries where gay marriage is fully legal Poland No
64%
countries with a flag that does not contain the color white Slovakia No
64%
countries that are less than one fourth the size of Germany Spain No
64%
countries that are less than one fourth the size of Germany Sweden No
64%
countries where gay marriage is fully legal Sweden Yes
64%
formal WWII axis countries Belgium No
59%
countries that currently have a monarchy Belgium Yes
59%
countries where gay marriage is fully legal Denmark Yes
59%
countries with more non-Catholics than Catholics France No
59%
countries where gay marriage is fully legal France Yes
59%
countries where gay marriage is fully legal Iceland Yes
59%
formal WWII axis countries Italy Yes
59%
countries that are less than one fourth the size of Germany Italy No
59%
countries with more non-Catholics than Catholics Malta No
59%
countries that are less than one fourth the size of Germany Malta Yes
59%
countries with more non-Catholics than Catholics Poland No
59%
countries that are less than one fourth the size of Germany Poland No
59%
countries with a flag that does not contain the color white Poland No
59%
countries that are less than one fourth the size of Germany Romania No
59%
countries that currently have a monarchy Sweden Yes
59%
countries where gay marriage is fully legal Estonia No
55%
countries with a flag that does not contain the color white Georgia No
55%
countries in the Eurozone Hungary No
55%
countries that are less than one fourth the size of Germany Hungary No
55%
countries with a flag that does not contain the color white Hungary No
55%
countries where gay marriage is fully legal Italy No
55%
countries that are less than one fourth the size of Germany North Macedonia Yes
55%
countries in the Eurozone Romania No
55%
countries with more non-Catholics than Catholics Slovakia No
55%
countries that don't share a land border with any other countries listed below Sweden Yes
55%
countries with more non-Catholics than Catholics Sweden Yes
55%
countries where gay marriage is fully legal Austria Yes
50%
countries that are less than one fourth the size of Germany Belgium Yes
50%
countries with more non-Catholics than Catholics Croatia No
50%
countries that don't share a land border with any other countries listed below Denmark Yes
50%
countries with more non-Catholics than Catholics Denmark Yes
50%
countries in the Eurozone Estonia Yes
50%
countries with more non-Catholics than Catholics Georgia Yes
50%
countries with a larger population than Greece Romania Yes
50%
countries in the Eurozone Slovakia Yes
50%
countries that currently have a monarchy Spain Yes
50%
countries with a flag that does not contain the color white Spain Yes
50%
countries in the Eurozone Sweden No
50%
countries with a larger population than Greece Sweden No
50%
countries in the Eurozone Switzerland No
50%
countries with a flag that does not contain the color white Belgium Yes
45%
formal WWII axis countries France No
45%
countries with more non-Catholics than Catholics Hungary No
45%
countries in the Eurozone Malta Yes
45%
formal WWII axis countries Poland No
45%
countries that are less than one fourth the size of Germany Switzerland Yes
45%
countries in the Eurozone Croatia No
41%
countries in the Eurozone Denmark No
41%
countries that are less than one fourth the size of Germany Denmark Yes
41%
countries that are less than one fourth the size of Germany Estonia Yes
41%
countries that are less than one fourth the size of Germany Iceland No
41%
countries that are less than one fourth the size of Germany Ireland Yes
41%
countries in the Eurozone Lithuania No
41%
countries that don't share a land border with any other countries listed below North Macedonia Yes
41%
countries with more non-Catholics than Catholics North Macedonia Yes
41%
countries in the Eurozone Poland No
41%
countries where gay marriage is fully legal Spain Yes
41%
countries with a flag that does not contain the color white Sweden Yes
41%
countries with more non-Catholics than Catholics Estonia Yes
36%
countries with a flag that does not contain the color white Lithuania Yes
36%
countries with a flag that does not contain the color white North Macedonia Yes
36%
countries with a larger population than Greece Belgium Yes
32%
countries that don't share a land border with any other countries listed below Estonia Yes
32%
countries that are less than one fourth the size of Germany Georgia Yes
32%
formal WWII axis countries Hungary Yes
32%
countries with more non-Catholics than Catholics Iceland No
32%
countries where gay marriage is fully legal Ireland Yes
32%
countries that are less than one fourth the size of Germany Lithuania Yes
32%
countries with a flag that does not contain the color white Romania Yes
32%
countries that are less than one fourth the size of Germany Slovakia Yes
32%
countries with more non-Catholics than Catholics Switzerland Yes
32%
countries that are less than one fourth the size of Germany Croatia Yes
27%
countries with more non-Catholics than Catholics Romania Yes
27%
countries that are less than one fourth the size of Germany Austria Yes
18%
countries that don't share a land border with any other countries listed below Iceland No
18%
countries with more non-Catholics than Catholics Lithuania Yes
18%
countries where gay marriage is fully legal Malta Yes
18%
formal WWII axis countries Romania Yes
18%
formal WWII axis countries Croatia Yes
14%
formal WWII axis countries Slovakia Yes
14%
formal WWII axis countries Austria No
9%
countries that don't share a land border with any other countries listed below Ireland No
9%
countries where gay marriage is fully legal Switzerland No
5%
No matching quizzes found
Score Distribution
Percent of People with Each Score
Percentile by Number Answered
Your Score History
You have not taken this quiz